| 000 | 00348 a2200145 4500 | ||
|---|---|---|---|
| 001 | 148368 | ||
| 040 | _cEscola São Tomás de Aquino | ||
| 100 | _aGONTIJO, Solange Avelar Fonseca | ||
| 240 | 1 | 0 |
_aTem tatu no futebol _lpor |
| 245 | 1 | 0 | _aTem tatu no futebol |
| 362 | 0 | _a1997 | |
| 440 | 1 | _aMiguilim | |
| 697 | _a*LITERATURA INFANTIL | ||
| 942 | _cBK | ||
| 999 |
_c148368 _d148368 |
||